|
|
|
|
| LEADER |
00000nab a2200000 a 4500 |
| 001 |
vtls000569828 |
| 003 |
SK-MaSNL |
| 005 |
20260305023058.0 |
| 008 |
250426c1995 xo 0 slo |
| 015 |
|
|
|a SNBRB19rr/mm-uuuuu
|
| 035 |
|
|
|a CL0569966
|
| 035 |
|
|
|a urn:nbn:sk:snk-abepe5
|
| 035 |
|
|
|a (urnnbn)urn:nbn:sk:snk:ar-000f5r
|
| 035 |
|
|
|a (uuid)87b24cec-1cd4-4881-a2c1-9be610798dac
|
| 040 |
|
|
|a SNKBUCL
|b slo
|c SNKBUCL
|e AACR2
|
| 041 |
0 |
|
|a slo
|
| 044 |
|
|
|a xo
|c SK
|
| 080 |
|
|
|a 840-3
|2 1981
|
| 100 |
1 |
|
|a Saint-Exupéry, Antoine de,
|d 1900-1944
|4 aut
|9 86073
|
| 245 |
1 |
0 |
|a Citadela
|b (Úryvok z románovej básne)
|c Antoine de Saint-Exupéry ; Prekl. Ján Švantner
|
| 650 |
0 |
7 |
|a romány filozofické
|2 snkbucl
|9 927204
|
| 650 |
0 |
7 |
|a romány-poémy
|2 snkbucl
|9 1600999
|
| 655 |
|
7 |
|a články z novín a časopisov
|2 snkbucl
|9 267496
|
| 655 |
|
7 |
|a články z odboru literárna veda a krásna literatúra
|2 snkbucl
|9 770045
|
| 700 |
1 |
|
|a Švantner, Ján,
|d 1949-
|4 trl
|9 93615
|
| 773 |
0 |
|
|t Slovenské pohľady
|g Roč. 4+111, č. 12 (1995), s. 23-28
|
| 850 |
|
|
|a Slovenská národná knižnica
|
| 852 |
|
|
|a Slovenská národná knižnica
|
| 958 |
|
|
|a article27
|
| 958 |
|
|
|a RK
|
| 958 |
|
|
|a LX
|
| 958 |
|
|
|a FR
|
| 958 |
|
|
|a OND
|
| 958 |
|
|
|a EUIPO
|
| 992 |
|
|
|a RBX
|
| 999 |
|
|
|c 3294591
|d 3296521
|